Countries that Search Burkina Faso the Most - Statistics

General Stats
  • This quiz has been taken 7 times
  • The average score is 9 of 10
Answer Stats
Google Trend Score Answer % Correct
2 Benin
100%
4 Cote d’Ivoire
100%
5 Mali
100%
3 Niger
100%
1 Senegal
100%
2 Togo
100%
2 Guinea
86%
3 Chad
71%
2 Gabon
71%
1 Cameroon
57%
No matching quizzes found
Score Distribution
Percent of People with Each Score
Percentile by Number Answered
Your Score History
You have not taken this quiz